GREAT CRASH 1929 (Record no. 13533)
[ view plain ]
| 000 -LEADER | |
|---|---|
| fixed length control field | 00330nam a2200133Ia 4500 |
| 008 - FIXED-LENGTH DATA ELEMENTS--GENERAL INFORMATION | |
| fixed length control field | 240624s9999 xx 000 0 und d |
| 041 ## - LANGUAGE CODE | |
| Language code of text/sound track or separate title | eng |
| 082 ## - DEWEY DECIMAL CLASSIFICATION NUMBER | |
| Classification number | 338.5 GAL |
| 100 ## - MAIN ENTRY--PERSONAL NAME | |
| Personal name | GALBRAITH JOHN KENNETH |
| 245 ## - TITLE STATEMENT | |
| Title | GREAT CRASH 1929 |
| 260 ## - PUBLICATION, DISTRIBUTION, ETC. | |
| Date of publication, distribution, etc. | 1992 |
| Place of publication, distribution, etc. | New Delhi |
| Name of publisher, distributor, etc. | Penguin Books |
| 300 ## - PHYSICAL DESCRIPTION | |
| Extent | 222 : p. : cm. ; 19 |
| 365 ## - TRADE PRICE | |
| Currency code | |
| Price amount | 15 |
| Withdrawn status | Lost status | Damaged status | Not for loan | Home library | Current library | Shelving location | Date acquired | Source of acquisition | Cost, normal purchase price | Total Holds | Full call number | Barcode | Date last seen | Copy number | Price effective from | Koha item type |
|---|---|---|---|---|---|---|---|---|---|---|---|---|---|---|---|---|
| IMTN | IMTN | Rack 11-B | 07/22/2009 | BWE | 17.80 | 2269 | 338.5 GAL | 13533 | 06/24/2024 | 50.4 | 06/24/2024 | Books |